• 首页
  • 本馆介绍
  • 公告通知
  • 最新文献
  • 馆藏检索
  • 电子资源
  • 读者导购
  • 参考咨询
  • 我的图书馆
  • 登录
  • 详细信息显示
  • 放入我的书架
  • 预约/预借图书
  • 作者相关作品
  • 分类相关作品
  • 丛书相关作品
  • 出版社相关作品

书目信息

  • 表格格式
  • 工作单格式
  • 卡片格式
题名:
美国专利与科技纵横
    
 
作者: 马秀山 著
分册:  
出版信息: 北京   专利文献出版社  1996
页数: 150页
开本: 20cm
丛书名:
单 册:
中图分类: G306.77
科图分类:
主题词: 专利--概况--美国 , 专利--制度--美国
电子资源:
ISBN: 7-80011-180-6
000 00589nam0 2200205 450
001 0761117275
005 20070721092348.17
010    @a7-80011-180-6@dCNY6.00
100    @a20070710d1996 km y0chiy0120 ea
101 0  @achi
102    @aCN@b110000
200 1  @a美国专利与科技纵横@Amei guo zhuan li yu ke ji zong heng@f马秀山著@Fma xiu shan zhu
210    @a北京@c专利文献出版社@d1996
215    @a150页@d20cm
606 0  @a专利@x概况@y美国
606 0  @a专利@x制度@y美国
690    @aG306.77@v3
701  0 @a马秀山@Ama xiu shan@4著
801  0 @aCN@bPFT@c20070721
905    @a10447@dG306.77@e4
    
    美国专利与科技纵横/马秀山著.-北京:专利文献出版社,1996
    150页;20cm
    
    
    ISBN 7-80011-180-6:CNY6.00
    
●
相关链接 在E读中查询图书 在五车中查询图书 在当当中查询图书 在豆瓣中查询图书


正题名:美国专利与科技纵横     索取号:G306.77/4         预约/预借

序号 登录号 条形码 馆藏地/架位号 状态 备注
1 0770036   207700362   第一样本阅览室/ [索取号:G306.77/4] 在馆    
唐山师范学院图书馆 欢迎您!
大连网信软件有限公司© 版权所有